Ο ελληνισμός της αρχαίας Μακεδονίας : καταγωγή και γλώσσα των Μακεδόνων - οι αργεάδαι βασιλείς της Μακεδονίας - Αλέξανδρος Α' ο φιλέλλην και η Μακεδονία κατά τα Μηδικά - οι ρήτορες των Αθηνών και τα περί βαρβαρισμού των Μακεδόνων
Αποθηκεύτηκε σε:
| Κύριος συγγραφέας: | |
|---|---|
| Μορφή: | Βιβλίο |
| Γλώσσα: | Greek |
| Δημοσίευση: |
Αθήναι :
[χ.ό.],
1960.
|
| Θέματα: | |
| Ετικέτες: |
Προσθήκη ετικέτας
Δεν υπάρχουν, Καταχωρήστε ετικέτα πρώτοι!
|
MARC
| LEADER | 00000cam a2200000 a 4500 | ||
|---|---|---|---|
| 001 | 1/119251 | ||
| 008 | 190620s1960####gr | ||| |||| ||gre|| | ||
| 040 | |a GR-MyUa |b gre |c GR-MyUa |e AACR2 | ||
| 041 | 0 | |a gre | |
| 082 | 7 | |a 938.174 |2 (23) | |
| 100 | 1 | |a Δασκαλάκης, Απόστολος Β., |d 1900-1982. | |
| 245 | 1 | 0 | |a Ο ελληνισμός της αρχαίας Μακεδονίας : |b καταγωγή και γλώσσα των Μακεδόνων - οι αργεάδαι βασιλείς της Μακεδονίας - Αλέξανδρος Α' ο φιλέλλην και η Μακεδονία κατά τα Μηδικά - οι ρήτορες των Αθηνών και τα περί βαρβαρισμού των Μακεδόνων / |c Απ. Β. Δασκαλάκης. |
| 260 | |a Αθήναι : |b [χ.ό.], |c 1960. | ||
| 300 | |a 464 σ. ; |c 25 εκ. | ||
| 651 | 0 | |a Macedonia (Greece) |x History. | |
| 852 | |a INST |b RHODES |c AKA |e 20190620 |h 938.174 ΔΑΣ |p 005400040949 |q 005400040949 |t BK |y 0 | ||
| 970 | |a Κόζα |b Μαρία |z 20/06/2019 | ||